Las formas elementales de la dialéctica

Guardat en:
Dades bibliogràfiques
Autor principal: Piaget, Jean (Autor)
Format: Llibre
Idioma:espanyol
Publicat: Barcelona Gedisa 1982
Col·lecció:Colección Hombre y Sociedad, Serie Investigaciones en Psicología y Educación
Matèries:
Etiquetes: Afegir etiqueta
Sense etiquetes, Sigues el primer a etiquetar aquest registre!

MARC

LEADER 00000nam a2200000 a 4500
001 UCW8753
003 CL-VaPUC
008 881026e19820000SP |||||||||||||||||spa|d
082 0 4 |a 162  |b PIA  |2 21 
100 0 |a Piaget, Jean  |e author  |9 308149 
245 1 4 |a Las formas elementales de la dialéctica 
300 |a 216 p 
942 |c BK 
945 |d 19881026 00:00:00 
260 |a Barcelona  |b Gedisa  |c 1982 
650 0 |a Dialéctica  |9 257902 
583 |a last modification  |c 19881026 00:00:00  |k Rodrigo Vera 
490 0 |a Colección Hombre y Sociedad, Serie Investigaciones en Psicología y Educación 
999 |c 221033  |d 221031 
952 |0 0  |1 0  |4 0  |6 162_000000000000000_PIA_1982  |7 0  |8 A  |9 213947  |a FDOPOS  |b FDOPOS  |d 2019-11-15  |i 2822962  |o 162 PIA 1982  |p 2822962  |r 2025-01-22  |w 2019-11-15  |y BK  |k MLA